Producción de carne bovina /

Guardado en:
Autor Principal: Diggins, Ronald V.
Otros Autores: Bundy, Clarence E.
Formato: Libro
Publicado: Barcelona : Continental, 1974
Edición:3a. ed.
Materias:
Etiquetas: Agregar Etiqueta
Sin Etiquetas, Sea el primero en etiquetar este registro!
LEADER 01325nam a22002655a 4500
001 CEM.cems015815
005 20090901154654.0
008 130507s1974##################000#0#####d
003 CEMS
020 |a 8470510924 
082 0 4 |a 636.21 
100 1 |a Diggins, Ronald V. 
245 1 0 |a Producción de carne bovina /  |c Ronald V. Diggins, Clarence E. Bundy 
250 |a 3a. ed. 
260 |a Barcelona :  |b Continental,  |c 1974 
300 |a 295 p. 
505 0 |a Perspectivas de la producción de ganado bovino -- Las razas y sus selección -- Selección y constitución del rebaño reproductor -- Reproducción, herencia y selección -- Los alimentos y su utilización por el ganado -- Alimentación y manejo del rebaño reproductor -- Alimentación y cuidados de los terneros -- conservación de la salud del rebaño -- Alojamientos e instalaciones -- Elección del ganado para engorde -- Alimentación y manejo en el crecimiento y engorde -- Compra y venta de ganado bovino -- Preparación y exhibición del ganado -- Tabla de equivalencias 
653 |a Bovinos 
653 |a Bovinos-producción 
653 |a Bovinos-razas 
653 |a Bovinos-alimentos 
653 |a Bovinos-reproducción 
653 |a Bovinos-alojamiento 
700 1 |a Bundy, Clarence E. 
859 |a CEMS  |b BIB. CEMS - Agricultura  |h 636.21  |i D569a3  |p A7155.79  |t Ej.1